00697cam a22002171 450000100060000000300080000600500170001400800390003103500140007004000320008404100080011608200200012410000480014424501060019226000490029830000250034749000280037250400200040065000430042065000160046327709BD-RjUL20211209051206.0140327r19651959mau 000 0 eng a(BD-RjUL) aDLCcDLCdDLCdBD-RjULbeng aeng00a907.2bGOH 19651 aGooch, G. P.q(George Peabody),d1873-1968.00aHistory and historians in the nineteenth century :bWith a new introd. by the author /c G. P. Gooch. aBoston,bBeacon Presscc1959 [Printing-1965] axli, 547 p.;c21 cm.0 aBeacon paperback no. 76 aIncludes index. 0aHistoriographyxHistoryy19th century. 0aHistorians.